岩手県の道の駅 - Statistics

General Stats
  • This quiz has been taken 33 times
  • The average score is 23 of 35
Answer Stats
所在地 名前 % Correct
宮古市 みやこ
93%
久慈市 くじ
86%
花巻市 はなまき西南
83%
遠野市 遠野風の丘
83%
釜石市 釜石仙人峠
83%
平泉町 平泉
83%
野田村 のだ
83%
陸前高田市 高田松原
79%
葛巻町 くずまき高原
79%
山田町 やまだ
79%
岩泉町 いわいずみ
79%
普代村 青の国ふだい
79%
田野畑村 たのはた
76%
花巻市 石鳥谷
72%
雫石町 雫石あねっこ
72%
宮古市 たろう
69%
紫波町 紫波
69%
宮古市 区界高原
62%
大船渡市 さんりく
62%
奥州市 みずさわ
62%
遠野市 みやもり
59%
八幡平市 にしね
59%
岩泉町 三田貝分校
55%
洋野町 おおの
55%
宮古市 やまびこ館
52%
久慈市 白樺の里やまがた
52%
岩手町 石神の丘
52%
西和賀町 錦秋湖
52%
九戸村 おりつめ
48%
花巻市 とうわ
45%
一関市 かわさき
45%
一関市 むろね
41%
花巻市 はやちね
38%
一関市 厳美渓
38%
住田町 種山ヶ原
38%
No matching quizzes found
Score Distribution
Percent of People with Each Score
Percentile by Number Answered
Your Score History
You have not taken this quiz